Manual de buenas prácticas en la actividad minera para prevenir la contaminación de las aguas subterráneas en el Golfo de Urabá (Registro nro. 20807)

Detalles MARC
000 -CABECERA
Campo de control 00972nam a22002537a 4500
005 - FECHA Y HORA DE LA ULTIMA TRANSACCION
Campo de control 20200203122110.0
008 - ELEMENTOS DE LONGITUD FIJA—INFORMACION GENERAL
Campo de control 200203b xxu||||| |||| 00| 0 spa d
020 ## - ISBN
ISBN 9789585596160
040 ## - FUENTE DE CATALOGACIÓN
Agencia catalogadora original CO-BoIAVH
Agencia transcriptora CO-BoIAVH
041 ## - IDIOMA
Código de idioma para texto/pista de sonido o título separado Español
044 ## - PAÍS DE PUBLICACIÓN
País de publicación Colombia
110 ## - ASIENTO PRINCIPAL--NOMBRE CORPORATIVO
9 (RLIN) 101545
Nombre corporativo o de jurisdicción como elemento de entrada Universidad de Antioquia Facultad de Ingeniería
245 ## - MENCION DE TITULO
Título Manual de buenas prácticas en la actividad minera para prevenir la contaminación de las aguas subterráneas en el Golfo de Urabá
Mención de responsabilidad Universidad de Antioquia y Corpourabá
250 ## - MENCION DE EDICION
Mención de edición Primera edición
260 ## - PUBLICACION, DISTRIBUCION, ETC. (PIE DE IMPRENTA)
Lugar de publicación, distribución, etc. Colombia:
Nombre del editor, distribuidor, etc. Universidad de Antioquia,
-- Corpourabá
Fecha de publicación, distribución, etc. 2019.
300 ## - DESCRIPCION FISICA
Extensión 21 páginas,
Otros detalles físicos Ilustraciones a color,
Dimensiones 28 x 21.4 cm
504 ## - NOTA DE BIBLIOGRAFIA, ETC.
Nota de bibliografía Referencias (página 21)
650 #0 - ASIENTO SECUNDARIO DE MATERIA - TERMINO TEMATICO
9 (RLIN) 6173
Término temático o nombre geográfico como elemento de entrada Buenas prácticas
650 #0 - ASIENTO SECUNDARIO DE MATERIA - TERMINO TEMATICO
9 (RLIN) 17831
Término temático o nombre geográfico como elemento de entrada Impacto ambiental de la minería
650 #0 - ASIENTO SECUNDARIO DE MATERIA - TERMINO TEMATICO
9 (RLIN) 16019
Término temático o nombre geográfico como elemento de entrada Contaminación del agua
650 #0 - ASIENTO SECUNDARIO DE MATERIA - TERMINO TEMATICO
9 (RLIN) 12112
Término temático o nombre geográfico como elemento de entrada Minería Clasificación
710 ## - ASIENTO SECUNDARIO - NOMBRE CORPORATIVO
9 (RLIN) 15199
Nombre corporativo o de jurisdicción como elemento de entrada Corpourabá
942 ## - ELEMENTOS ADICIONALES (KOHA)
Sistema de clasificación Local
Tipo de ítem Folleto
Existencias
Withdrawn status Lost status Sistema de Clasificación Damaged status No para préstamo Colección Ubicación Permanente Ubicación actual Fecha de adquisición Total Checkouts Número topográfico Inventario / Código de Barras Date last seen Ejemplar Price effective from Forma de adquisición Tipo de material
    Local     Hemeroteca Bogotá Bogotá 03/02/2020   FG-0451 044066 03/02/2020 Ej. 1 03/02/2020 Donación Folleto